LEADER 02484nam 2200349 450 001 9910674005503321 005 20230628091031.0 035 $a(CKB)4100000011302210 035 $a(NjHacI)994100000011302210 035 $a(EXLCZ)994100000011302210 100 $a20230628d2020 uy 0 101 0 $aeng 135 $aur||||||||||| 181 $ctxt$2rdacontent 182 $cc$2rdamedia 183 $acr$2rdacarrier 200 10$aSelected Papers from 43rd International Conference of Theoretical Physics $eMatter to the Deepest, Recent Developments In Physics Of Fundamental Interactions (MTTD2019) /$fJanusz Gluza [and three others] 210 1$a[Place of publication not identified] :$cMDPI - Multidisciplinary Digital Publishing Institute,$d2020. 215 $a1 online resource (94 pages) 311 $a3-03928-370-7 330 $aUnderstanding the origins of the Universe and how it works and evolves is the present mission of a large community of physicists. It calls for a large scale vision, involving general relativity, astrophysics, and cosmology. Theoretical physics is presently at an important moment in its history. As predicted by Einstein, gravitational waves have been experimentally proven to exist. With the discovery of the Higgs boson, the set of interactions and elementary particles that is called the "standard model" (SM), is complete. Yet the Higgs boson itself, and how it breaks the electroweak symmetry, remains a fascinating subject requiring further studies and verification. Furthermore, several experimental facts are not accounted for by the SM: (i) the baryon asymmetry of the Universe, (ii) the nature and origin of dark matter, and (iii) the origin of neutrino masses; these have no unique, if any, explanation in the SM and yet will require answers from particle physics. We need to explore further both SM and its extensions. This is a subject of papers included in this book, which gives representation to the topics discussed during the Matter to the Deepest conference in 2019 in Poland (http://indico.if.us.edu.pl/event/5). 517 $aSelected Papers from 43rd International Conference of Theoretical Physics 606 $aPhysics 615 0$aPhysics. 676 $a530 700 $aGluza$b Janusz$01369545 801 0$bNjHacI 801 1$bNjHacl 906 $aBOOK 912 $a9910674005503321 996 $aSelected Papers from 43rd International Conference of Theoretical Physics$93395781 997 $aUNINA LEADER 01583nas 2200409 n 450 001 990009075980403321 005 20240229084259.0 011 $a0044-118X 035 $a000907598 035 $aFED01000907598 035 $a(Aleph)000907598FED01 035 $a000907598 091 $2CNR$aP 00046825 100 $a20161109a19699999km-y0itaa50------ba 101 0 $aeng 110 $aauu-------- 200 1 $aYouth and society 207 1$a1969- 210 $aBeverly Hills$cSage Publications 326 $aTrimestrale 452 0$12001$aYouth & society 517 0 $aYouth & society 530 0 $aYouth and society 675 $a301.18 675 $a304 676 $a301.43/15/05 676 $a305 801 0$aIT$bACNP$c20090723 859 4 $uhttp://acnp.cib.unibo.it/cgi-ser/start/it/cnr/dc-p1.tcl?catno=32125&person=false&language=ITALIANO&libr=&libr_th=unina1$zBiblioteche che possiedono il periodico 901 $aSE 912 $a990009075980403321 958 $aBiblioteca. Facoltà di Scienze Matematiche Fisiche e Naturali dell'Università Federico II$b1982-1987;$c1982;$fSC1 959 $aSC1 996 $aYouth and society$9786824 997 $aUNINA AP1 8 $6866-01$aNA018 Biblioteca. Facoltà di Scienze Matematiche Fisiche e Naturali dell'Università Federico II$eVia Cintia-Monte S. Angelo, 80126 Napoli (NA)$m081676740/41/39$m081676740$nit AP2 40$aacnp.cib.unibo.it$nACNP Italian Union Catalogue of Serials$uhttp://acnp.cib.unibo.it/cgi-ser/start/it/cnr/df-p.tcl?catno=32125&language=ITALIANO&libr=&person=&B=1&libr_th=unina&proposto=NO